000 01170cab a2200229 4500
001 X1289
008 090401t1994 xxu||||| |||| 00| 0 eng d
035 _a(Sirsi) u16027
041 _aeng
245 _aLandmatch plc v SoS for the Environment, Suffolk CC and Forest Heath DC
260 _c1994
350 _a0
490 _aJournal of Planning and Environment Law
_v(1994) JPEL 161-171(11)
520 _aQBD 19 July 1993. Structure plan alteration - modification - examination in public - objections to modifications - approved by SoS - no reasons for rejecting objections - duty to give reasons - Town and Country Planning (Development Plan) Regulations 1991 s35A(7) introduced by Planning and Compensation Act 1991 - `give the authority` - effect of insertion of these words on duty to give reasons - merely a procedural requirement which does not affect the duty to give reasons - no substantial prejudice (Journal headnote)
650 _aDUTY TO GIVE REASONS
650 _aREASONS
650 _aSTRUCTURE PLANS
650 _aTOWN AND COUNTRY PLANNING ACT 1990 S287
690 _aPLANNING LAW AND PRACTICE-CASE LAW
942 _n0
948 _c04/03/1997
999 _c10540
_d10540